000 002640000a22000970004500
100 1 _aHudson, Neil
245 1 0 _aYou will never know your future until you know where your past is
300 _aVol. 21, Núm 2 2003), Páginas 37-40
773 0 _tEvangel
942 _cANA
999 _c54354
_d54354